000 00823nas a2200277 4500
001 BR0604187
003 BR-BrBNA
005 20231205110405.0
007 ta
008 230509b bl.|||p| |||| 00| 00por d
040 _aBR-BrBNA
_bpor
_cBiblioteca Nacional de Agricultura
041 _a(Pt)
072 _aQ02
100 1 _aFaria, C.P.
100 1 _aBenedet, H.D.
100 1 _aGuerroue, J.L.
245 1 _aParâmetros de produção de leite de búfala fermentado por Lactobacillus casei
650 _aLEITE
650 _aBÚFALO
650 _aPRODUÇÃO LEITEIRA
650 _aFERMENTAÇÃO
650 _aANTIBIÓTICO
773 0 _tPesquisa Agropecuária Brasileira (Brazil)
_xISSN 0100-204X
_g(Mar 2006), v. 41(3) p. 511-516
_wBR0604187
909 _a202311
_bLúcia
_c55
_dLúcia Elande
942 _2AGRIS
_n0
_cANA
999 _c187207
_d187207